Państwa Europy uproszczone do ośmiokątów - Statystyki

Ogólne statystyki
  • Ten quiz został rozwiązany 16 razy
  • Średni wynik to 15 z 20
Statystyki odpowiedzi
Obrazkowy Odpowiedź % Poprawnych
Polska
100%
Francja
93%
Hiszpania
93%
Niemcy
93%
Norwegia
93%
Wlochy
93%
Albania
87%
Austria
87%
Finlandia
80%
Macedonia Północna
80%
Rumunia
80%
Islandia
73%
Portugalia
73%
Irlandia
67%
Szwajcaria
67%
Luksemburg
60%
Monako
53%
Serbia
53%
Grecja
40%
Ukraina
40%
Nie znaleziono quizów pasujących do podanych kryteriów
Rozkład punktacji
Procent ludzi z każdym wynikiem
Percentyl według liczby udzielonych odpowiedzi
Twoja historia wyników
Nie rozwiązałeś tego quizu